Stati che terminano con la O - Statistics

Statistiche generali
  • Questo quiz è stato fatto 279 volte
  • Il punteggio medio è 16 su 21
Statistiche sulle risposte
Superficie (km²) Popolazione (ab.) Stato % Corretto
1 964 375 132 740 378 Messico
93%
0,44 825 Città del Vaticano
92%
92 226 10 295 909 Portogallo
89%
1 002 450 106 228 202 Egitto
87%
342 000 5 518 092 Repubblica del Congo
87%
61 33 640 San Marino
87%
466 550 37 799 089 Marocco
83%
13 812 621 873 Montenegro
83%
2 586 656 108 Lussemburgo
82%
2,02 38 100 Monaco
82%
30 528 11 550 039 Belgio
80%
30 355 2 007 201 Lesotho
80%
9 251 888 000 Cipro
79%
10 452 6 825 442 Libano
79%
56 785 7 706 000 Togo
79%
801 590 30 066 648 Mozambico
78%
242 495 68 583 427 Regno Unito
72%
274 222 21 510 181 Burkina Faso
67%
5 130 1 366 725 Trinidad e Tobago
62%
322 463 26 453 542 Costa d'Avorio
57%
2 344 858 95 208 878 Repubblica Democratica del Congo
52%
Nessun quiz corrispondente trovato
Distribuzione punteggi
Percentuale di utenti per punteggio
Percentile per numero di risposta
I tuoi punteggi nel tempo
Non hai fatto questo quiz